Sistema de Control de Inventario y Registro de Servicio al Cliente para la Empresa ENABLE COMPANY S.A

Presenta un Sistema de Control de Inventario y Registro de servicios al cliente para la empresa ENABLE COMPANY S.A, en el cual propone la solución a problemas encontrados en el sistema de negocios. Plantea un análisis y diseño de sistemas con todas las etapas que conlleva desde la captura de requ...

Full description

Bibliographic Details
Main Authors: Cruz Moreno, Álvaro Antonio, Sandino Omar Ernesto
Other Authors: Tutor: Palacios Martínez, José Román
Format: Tesis Section = Libro
Language:Undetermined
Spanish
Published: Managua UNI 2006
Subjects:
LEADER 01849nam a2200253Ia 4500
008 240830s9999 xx 000 0 und d
040 |a BIBLIOTECA-RUPAP T.Mon 025.04 C957 
041 |a spa 
082 |a T.Mon 025.04 C957 
100 1 |a Cruz Moreno, Álvaro Antonio 
100 1 |c Sandino Omar Ernesto 
245 1 0 |a Sistema de Control de Inventario y Registro de Servicio al Cliente para la Empresa ENABLE COMPANY S.A 
260 |a Managua  |b UNI  |c 2006 
300 |a 82 p. :il. 
500 |a Contiene: anexos y glosarios. 
502 |a Tesis (Ingeniero de Sistemas)- UNI, 2006. 
520 3 |a Presenta un Sistema de Control de Inventario y Registro de servicios al cliente para la empresa ENABLE COMPANY S.A, en el cual propone la solución a problemas encontrados en el sistema de negocios. Plantea un análisis y diseño de sistemas con todas las etapas que conlleva desde la captura de requerimientos pasando por el desarrollo de software hasta llegar a la etapa de prueba del sistema, además contiene aspectos importantes en la administración de bases de datos parte fundamental de un sistema de información, garantizando de esta manera la seguridad, disponibilidad, respaldo y recuperación de los datos, aborda el diseño de la red en la cual será puesta a prueba el sistema de información, tanto los requerimientos físicos como lógicos de la red, y los servicios que estarán sobre la misma, además un estimado del costo de poner a trabajar la red. 
650 7 |a SISTEMA DE INFORMACION AUTOMATIZADO - CONTROL DE INVENTARIO - REGISTRO 
650 7 |b ANALISIS Y DISEÑO DE SISTEMAS - NEGOCIOS ENABLE COMPANY S.A 
650 7 |c INTERFASES Y COMUNICACION - SISTEMAS CONTROL DE INVENTARIO - ESTRUCTURA - BASE DE DATOS 
700 1 |a Tutor:  |b Palacios Martínez, José Román 
942 |c BK  |2 ddc 
991 |a TESIS 
999 |c 18018